• 首页
  • 本馆介绍
  • 公告通知
  • 最新文献
  • 馆藏检索
  • 电子资源
  • 读者导购
  • 参考咨询
  • 我的图书馆
  • 登录
  • 详细信息显示
  • 放入我的书架
  • 预约/预借图书
  • 作者相关作品
  • 分类相关作品
  • 丛书相关作品
  • 出版社相关作品

书目信息

  • 表格格式
  • 工作单格式
  • 卡片格式
题名:
村域经济转轨与发展
    
 
作者: 王景新 著
分册:  
出版信息: 北京   中国经济出版社  2005
页数: 14,271页
开本: 21cm
丛书名: 中国新乡村建设丛书
单 册:
中图分类: F313
科图分类:
主题词: 农村经济--经济发展--调查报告--中国
电子资源:
ISBN: 7-5017-6683-5
000 00978oam2 2200277 45
001 060000022134
005 20051209093754.28
010    @a7-5017-6683-5@dCNY25.00
092    @aCN
100    @a20050315d2005 ekmy0chiy0120 ea
101 0  @achi
102    @aCN@b110000
105    @ay z 000yy
200 1  @a村域经济转轨与发展@9cun yu jing ji zhuan gui yu fa zhan@e国内外田野调查@f王景新著@Fwang jing xin zhu
210    @a北京@c中国经济出版社@d2005
215    @a14,271页@d21cm
225 2  @a中国新乡村建设丛书
330    @a本书内容包括长三角发达村域经济社会新格局,西部村域转轨与发展:趋势、特点及差异,江西农村转轨与发展:田野调查报告,四川农村土地制度变革与农户经济能力等。
410  0 @12001 @a中国新乡村建设丛书
517 1  @a国内外田野调查@9guo nei wai tian ye diao cha
606 0  @a农村经济@x经济发展@x调查报告@y中国
690    @aF313@v4
701  0 @a王景新@Awang jing xin@4著
801  0 @aCN@bCXYBOOK@c20051209
905    @a10447@dF313@e3
999    @aAFJ@eDF
    
    村域经济转轨与发展:国内外田野调查/王景新著.-北京:中国经济出版社,2005
    14,271页;21cm.-(中国新乡村建设丛书)
    
    
    ISBN 7-5017-6683-5:CNY25.00
    本书内容包括长三角发达村域经济社会新格局,西部村域转轨与发展:趋势、特点及差异,江西农村转轨与发展:田野调查报告,四川农村土地制度变革与农户经济能力等。
●
相关链接 在E读中查询图书 在五车中查询图书 在当当中查询图书 在豆瓣中查询图书


正题名:村域经济转轨与发展     索取号:F313/3         预约/预借

序号 登录号 条形码 馆藏地/架位号 状态 备注
1 0370683   203706837   第一样本阅览室/ [索取号:F313/3] 在馆    
2 0370684   203706846   第一借阅区/ [索取号:F313/3] 在馆    
3 0370685   203706855   第一借阅区/ [索取号:F313/3] 在馆    
4 0370686   203706864   第一借阅区/ [索取号:F313/3] 在馆    
5 0370687   203706873   第一借阅区/ [索取号:F313/3] 在馆    
唐山师范学院图书馆 欢迎您!
大连网信软件有限公司© 版权所有